000 01253nam0a2200325 4500
001 RU\NLR\BIBL_A\022306633
005 20260420013743.0
010 _a978-5-389-25107-6
_93000
021 _aRU
_bКН-П-24-040438
_9КН-П-24-4010
035 _a(NLR Aleph) 022306633
090 _a13663607
_c13663607
100 _a20240823d2024 u y0rusy50 ca
101 1 _arus
_ceng
102 _aRU
105 _ay z 000аy
181 0 _ai
_baxxe
182 0 _an
200 1 _aМистификация
_e[роман]
_fДжозефина Тэй
_gперевод с английского Раисы Бобровой
203 _aТекст
_bвизуальный
_cнепосредственный
210 _aСанкт-Петербург
_cАзбука-Аттикус, Азбука
_d2024
215 _a348, [1] с.
_d18
225 1 _aЗвезды классического детектива
300 _aНа 4-й с. обл. авт.: Д. Тэй (наст имя - Э. Макинтош)
333 _a16+
686 1 _aШ6(4Вл)67-446{Лх1299-60}
700 1 _7ca
_8rus
_aТей
_bД.
_f1896-1952
_gДжозефина
_9112441
_3RU\NLR\AUTH\772429
942 _cBOOK
980 _aNB